000 00436nam a2200181Ia 4500
005 20240823012115.0
008 240823s9999||||xx |||||||||||||| ||und||
041 _aENGLISH
082 _A658.4 P0
100 _aHellriegel.Don [et al]
245 0 _aOrganizational Behaviour
250 _a9th
260 _c2000
_b"Thomson,Australia"
500 _aYES
650 _aManagement
_bManagement Studies
942 _cBK
999 _c163452
_d163452